000 00848nam a22002057a 4500
003 JO-AjAnu
005 20251022084300.0
008 251013b jo ||||| |||| 00| 0 ara d
020 _a978-9957-66-470-1
022 _a7008/12/2024
040 _aANU
_cJO-AjAnu
041 _hARA
100 _aهنداوي، محمد صلاح
_eمؤلف
_966751
245 _aالتغذية التأهيلية للإصابات الرياضية
_c / اعداد محمد صلاح هنداوي، وليد حسين حسن محمد
260 _aعمان :
_bدار الحامد للنشر والتوزيع،
_c2025
300 _a365 صفحة
650 _vالاصابات الرياضية-التأهيل-الفسيولوجيا-العضلات-الطب الرياضي
700 _aمحمد، وليد حسين حسن
_eم. مشارك
_966812
942 _2lcc
_cBK
_n0
999 _c34076
_d34076